Password to Larkspur Lane #10 [CD/sound recording] ... Read More
Available copies
- 1 of 1 copy available at LARL/NWRL Consortium.
- 1 of 1 copy available at Northwest Regional Library. (Show preferred library)
Current holds
0 current holds with 1 total copy.
View other formats and editions
Show Only Available Copies
| Location | Call Number / Copy Notes | Barcode | Shelving Location | Status | Due Date |
|---|---|---|---|---|---|
| Hallock Public Library | BOOK-ON-CD j KEE (Text) | 35500004284467 | Main | Available | - |
Record details
- ISBN: 1933299371
- ISBN: 9781933299372
- Physical Description: 3 sound discs : digital ; 4 3/4 in. + 1 book [175 ... Read More
- Publisher: [CA] : Re-Q, Inc., p2006.
Content descriptions
| General Note: | Read by Danica Reese. Unabridged recording. |
| Summary, etc.: | Blue bells will be singing horses! This strange ... Read More |
| System Details Note: | Compact disc. |
Search for related items by subject
| Subject: | Drew, Nancy (Fictitious character) > Juvenile fiction. |
| Genre: | Detective and mystery stories. Audiobooks. Compact discs. |
Search for related items by series
| LDR | 02072cim a2200361Ia 4500 | ||
|---|---|---|---|
| 001 | 94921 | ||
| 003 | LARL_NWRL_CONSORTIUM | ||
| 005 | 20080730161452.0 | ||
| 007 | sd fungnn||||d | ||
| 008 | 070126p20061933xxunnn j f n eng d | ||
| 020 | . | ‡a1933299371 | |
| 020 | . | ‡a9781933299372 | |
| 024 | 1 | . | ‡a883118310878 |
| 035 | . | ‡a(OCoLC)80158621 | |
| 092 | . | ‡aFic | |
| 100 | 1 | . | ‡aKeene, Carolyn. ‡0(LARL_NWRL_CONSORTIUM)58935 |
| 245 | 1 | 0. | ‡aPassword to Larkspur Lane ‡n#10 ‡h[CD/sound recording] / ‡cCarolyn Keene. |
| 260 | . | ‡a[CA] : ‡bRe-Q, Inc., ‡cp2006. | |
| 300 | . | ‡a3 sound discs : ‡bdigital ; ‡c4 3/4 in. + 1 book [175 p. ; 20 cm.] | |
| 490 | 0 | . | ‡aNancy Drew mystery stories ; ‡v10 |
| 538 | . | ‡aCompact disc. | |
| 500 | . | ‡aRead by Danica Reese. | |
| 500 | . | ‡aUnabridged recording. | |
| 520 | . | ‡aBlue bells will be singing horses! This strange message, attached to the leg of a wounded homing pigeon, involves Nancy Drew in a dangerous mission. Somewhere an elderly woman is being held prisoner in a mansion. Nancy is determined to find and free Mrs. Eldridge. While working on the case, the youg detective's close friend, Helen Archer, begs her to solve weird mystery. Helen's grandparents, the Cornings, are frightened by a sinister wheel of blue fire that appears after dark in the woods outside their home at lonely Sylvan Lake. When Nancy discovers the significance of the eerie signal, she also learns that her two mysteries are connected. How the clever young detective fathoms the meaning of the strange message, how she locates the stronghold of ruthless ring os swindlers, and how she rescues the gang's victims makes absorbing and exciting reading. | |
| 650 | 0. | ‡aDrew, Nancy (Fictitious character) ‡vJuvenile fiction. ‡0(LARL_NWRL_CONSORTIUM)172010 | |
| 655 | 0. | ‡aDetective and mystery stories. | |
| 655 | 0. | ‡aAudiobooks. ‡0(LARL_NWRL_CONSORTIUM)175801 | |
| 655 | 0. | ‡aCompact discs. | |
| 700 | 1 | . | ‡aReese, Danica. ‡4nrt |
| 901 | . | ‡a94921 ‡bOCLC ‡c94921 ‡tbiblio | |

Add to basket
Permalink
Disable Highlighting